Statistics for Catogory guess

Click here to take the quiz!

General Stats

  • This quiz has been taken 40 times
  • The average score is 5 of 8

Answer Stats

HintAnswer% Correct
Asia, North America, Europe, AustraliaContinent
91%
Euro, Canadian Dollar, Peso, Iraqi DinarCurrency
86%
France, Canada, Argentina, South Korea, FijiCountry
74%
Spruce, Palm, Red Maple, Black Ash, White OakTrees
63%
Princess, King, Duke, Prince, Queen,Royalty
57%
Horse, Cow, Pig, Turkey, Llama, DuckFarm animals
51%
Violin, Guitar, Sitar, Banjo, HarpStringed instrument
29%
Casablanca, Rabat, Marakesh,Morrocan cities
0%

Score Distribution

Percentile by Number Answered

Percent of People with Each Score

Your Score History

You have not taken this quiz